[Event "XL Mar del Plata International open"]
[Site "?"]
[Date "2009.04.05"]
[Round "2"]
[White "Di Gianantonio, Nino"]
[Black "Gallego, Gonzalo"]
[Result "1-0"]
[WhiteElo "1989"]
[BlackElo "2177"]
[PlyCount "73"]
[EventDate "2009.??.??"]
[SourceDate "2009.04.08"]

1. e4 c5 2. Nc3 Nc6 3. g3 g6 4. Bg2 Bg7 5. d3 d6 6. Be3 e6 7. Qd2 Rb8 8. Nge2
Nd4 9. Nd1 b5 10. c3 Nxe2 11. Qxe2 Nf6 12. O-O O-O 13. f4 Bb7 14. g4 Nd7 15. d4
f5 16. gxf5 exf5 17. dxc5 Nxc5 18. Bxc5 dxc5 19. e5 Bxg2 20. Qxg2 g5 21. Ne3
gxf4 22. Rxf4 Rb6 23. Rd1 Qxd1+ 24. Nxd1 Rg6 25. Ne3 Bxe5 26. Rg4 Bxh2+ 27.
Kxh2 fxg4 28. Qd5+ Kh8 29. Qe5+ Kg8 30. Nxg4 Rf7 31. Qxc5 Rf4 32. Qd5+ Kf8 33.
Qa8+ Ke7 34. Qb7+ Ke6 35. Qc8+ Kd5 36. Qd7+ Ke4 37. Qd4+ 1-0

[Event "XL Mar del Plata International open"]
[Site "?"]
[Date "2009.04.05"]
[Round "2"]
[White "Covas, Guillermo Maximilian"]
[Black "Rivas, Lucas Matias"]
[Result "1-0"]
[WhiteElo "2167"]
[BlackElo "1967"]
[PlyCount "51"]
[EventDate "2009.??.??"]
[SourceDate "2009.04.08"]

1. e4 c5 2. Nf3 d6 3. d4 cxd4 4. Nxd4 Nf6 5. Nc3 g6 6. f4 Nc6 7. Nxc6 bxc6 8.
e5 Nd7 9. exd6 exd6 10. Qd4 Qf6 11. Be3 Be7 12. Qd2 O-O 13. O-O-O d5 14. Bd4
Qd6 15. h4 Bf6 16. h5 Rb8 17. hxg6 fxg6 18. g3 Qb4 19. b3 Qa3+ 20. Kb1 a5 21.
Ka1 a4 22. Nxa4 Ra8 23. Bh3 Nc5 24. Bxc8 Bxd4+ 25. Qxd4 Rfxc8 26. Rxh7 1-0

[Event "XL Mar del Plata International open"]
[Site "?"]
[Date "2009.04.05"]
[Round "2"]
[White "Gonzalez, Victor"]
[Black "Coda, Carlos Alberto"]
[Result "0-1"]
[WhiteElo "1977"]
[BlackElo "2165"]
[Annotator ",jmacosta"]
[PlyCount "110"]
[EventDate "2009.??.??"]
[SourceDate "2009.04.08"]

1. e4 e5 2. Nf3 Nf6 3. Bc4 Nxe4 4. Nc3 Nxc3 5. dxc3 Nc6 6. Ng5 Bc5 7. Bxf7+ Kf8
8. Bd5 h6 9. Qh5 Qe8 10. Qf3+ Ke7 11. Ne4 Bb6 12. Qg3 Qf8 13. Bxc6 bxc6 14.
Qxe5+ Kd8 15. Be3 Qe7 16. Bd4 Re8 17. Qxe7+ Rxe7 18. Bxb6 axb6 19. f3 d5 20.
O-O-O Ke8 21. Ng3 Rxa2 22. Kb1 Ra8 23. Rhe1 Rxe1 24. Rxe1+ Kf7 25. Re5 Bd7 26.
f4 Re8 27. Rxe8 Kxe8 28. Kc1 Ke7 29. Kd2 Kf6 30. Ke3 c5 31. h3 g6 32. Kd3 h5
33. Kd2 Bb5 34. Ke3 h4 35. Nh1 Bf1 36. Kf3 Kf5 37. g4+ Ke6 38. Nf2 d4 39. b4
cxb4 40. cxd4 c5 41. dxc5 bxc5 42. Ke3 Kd5 43. f5 gxf5 44. gxf5 c4 45. Kf4 b3
46. cxb3 cxb3 47. Nd1 Bxh3 48. Kg5 Bxf5 49. Kxh4 Kd4 50. Kg3 Kd3 51. Kf4 Kc2
52. Ne3+ Kc1 53. Nd5 b2 54. Nc3 Kc2 55. Nb5 Bd3 {tiempo tiempo} 0-1

[Event "XL Mar del Plata International open"]
[Site "?"]
[Date "2009.04.05"]
[Round "2"]
[White "Weil, Dany"]
[Black "Daneri, Martin"]
[Result "0-1"]
[WhiteElo "1966"]
[BlackElo "2149"]
[PlyCount "82"]
[EventDate "2009.??.??"]
[SourceDate "2009.04.08"]

1. d4 Nf6 2. c4 c5 3. d5 e6 4. Nc3 exd5 5. Nxd5 Nxd5 6. Qxd5 Nc6 7. Nf3 d6 8.
b3 Qf6 9. Rb1 Be6 10. Qd2 O-O-O 11. e4 Be7 12. Qg5 Qc3+ 13. Qd2 Qf6 14. Qg5
Qc3+ 15. Qd2 Qxd2+ 16. Bxd2 f5 17. Ng5 Bxg5 18. Bxg5 Rde8 19. Bf4 d5 20. Bd6
dxc4 21. bxc4 b6 22. e5 f4 23. Kd2 Bf5 24. Re1 Re6 25. Bd3 Bxd3 26. Kxd3 Rd8
27. Kc3 Rde8 28. Re4 Rxd6 29. Rxf4 Rxe5 30. Rf8+ Rd8 31. Rf7 Rd7 32. Rf8+ Kc7
33. Rf3 Re2 34. a3 Ne5 35. Rh3 Rdd2 36. Rg3 g6 37. f4 Rc2+ 38. Kb3 Rb2+ 39. Ka4
Nxc4 40. Rh3 Kc6 41. Rb3 a6 0-1

[Event "XL Mar del Plata International open"]
[Site "?"]
[Date "2009.04.05"]
[Round "2"]
[White "Crespo, Eugenio"]
[Black "Cristobal, Manuel"]
[Result "0-1"]
[WhiteElo "1933"]
[BlackElo "2145"]
[PlyCount "88"]
[EventDate "2009.??.??"]
[SourceDate "2009.04.08"]

1. e4 c5 2. Nf3 d6 3. d4 cxd4 4. Nxd4 Nf6 5. Nc3 a6 6. Bc4 e6 7. a3 Be7 8. O-O
b5 9. Ba2 Bb7 10. Bxe6 fxe6 11. Nxe6 Qd7 12. Nxg7+ Kd8 13. Qd4 Rg8 14. Nf5 Nxe4
15. Qb6+ Kc8 16. Nxe7+ Qxe7 17. Nxe4 Qxe4 18. f3 Qe2 19. Qf2 Qxf2+ 20. Kxf2 Nd7
21. Bf4 Kc7 22. Rad1 Ne5 23. Rfe1 Rae8 24. b3 Nf7 25. Bd2 Rxe1 26. Rxe1 Kd7 27.
Bb4 Rg6 28. Rd1 Ne5 29. Rd4 Nc6 30. Rh4 Rg7 31. Bc3 Re7 32. a4 Ne5 33. axb5
axb5 34. Bb4 Ke6 35. Rh6+ Ng6 36. Rh5 Rc7 37. Rxb5 Rxc2+ 38. Kg3 Bd5 39. Rb6
Bc6 40. Ba3 Ne7 41. b4 Nf5+ 42. Kh3 Rc4 43. f4 h5 44. g4 Rc3# 0-1

[Event "XL Mar del Plata International open"]
[Site "?"]
[Date "2009.04.05"]
[Round "2"]
[White "Cervetto, Esteban"]
[Black "Maucci, Luis Marcelo"]
[Result "1/2-1/2"]
[WhiteElo "2128"]
[BlackElo "1932"]
[PlyCount "53"]
[EventDate "2009.??.??"]
[SourceDate "2009.04.08"]

1. e4 c5 2. Nf3 Nf6 3. e5 Nd5 4. Nc3 Nxc3 5. dxc3 Nc6 6. Bf4 Qc7 7. Qd2 e6 8.
O-O-O b6 9. Be2 h6 10. h4 Bb7 11. Qe3 O-O-O 12. Rd2 d5 13. Rhd1 Ne7 14. Bh2 Nf5
15. Qf4 g5 16. Qa4 Kb8 17. g4 Nxh4 18. Nxh4 gxh4 19. c4 Be7 20. cxd5 Rxd5 21.
Rxd5 Bxd5 22. Qa3 c4 23. Qe3 Qc5 24. Qxc5 Bxc5 25. f4 Be3+ 26. Kb1 Rg8 27. b3
1/2-1/2

[Event "XL Mar del Plata International open"]
[Site "?"]
[Date "2009.04.05"]
[Round "2"]
[White "Restusia, Francisco"]
[Black "Diaz, Gerardo"]
[Result "1/2-1/2"]
[WhiteElo "2115"]
[BlackElo "1921"]
[PlyCount "53"]
[EventDate "2009.??.??"]
[SourceDate "2009.04.08"]

1. e4 c5 2. d4 cxd4 3. c3 d6 4. cxd4 Nf6 5. Nc3 g6 6. Nf3 Bg7 7. Be2 O-O 8. O-O
Nbd7 9. e5 dxe5 10. dxe5 Ng4 11. e6 fxe6 12. Ng5 Nxf2 13. Rxf2 Qb6 14. Nf3 Ne5
15. Na4 Nxf3+ 16. gxf3 Qd4 17. Kg2 Qh4 18. f4 g5 19. Qd3 gxf4 20. Bxf4 Rxf4 21.
Qd8+ Rf8 22. Rxf8+ Bxf8 23. Rf1 Qh6 24. Rf3 b5 25. Rg3+ Kf7 26. Rf3+ Kg6 27.
Rg3+ 1/2-1/2

[Event "XL Mar del Plata International open"]
[Site "?"]
[Date "2009.04.06"]
[Round "3"]
[White "Mavrich, Leandro"]
[Black "Pierrot, Facundo"]
[Result "1/2-1/2"]
[WhiteElo "2178"]
[BlackElo "2422"]
[PlyCount "71"]
[EventDate "2009.??.??"]

1. e4 e5 2. Nf3 d6 3. d4 Nd7 4. Bc4 c6 5. a4 Be7 6. Nc3 Ngf6 7. O-O O-O 8. b3
b6 9. Ba3 a6 10. d5 c5 11. Ne1 g6 12. g3 Nh5 13. Ng2 Bf6 14. Be2 Ng7 15. Bc1
Re8 16. Bg4 Rb8 17. Ne2 b5 18. axb5 axb5 19. c3 Nb6 20. Bxc8 Qxc8 21. Be3 Ra8
22. Rxa8 Qxa8 23. Qa1 Be7 24. g4 Rc8 25. Qb2 Qb7 26. Ra1 Ra8 27. Nc1 f5 28.
gxf5 gxf5 29. Rxa8+ Qxa8 30. f3 Nd7 31. Qe2 Nf6 32. Qxb5 fxe4 33. fxe4 Nxe4 34.
Qc4 Nf6 35. Bxc5 Nf5 36. Bf2 1/2-1/2

[Event "XL Mar del Plata International open"]
[Site "?"]
[Date "2009.04.06"]
[Round "3"]
[White "Van Riemsdijk, Herman Claudius"]
[Black "Covas, Guillermo Maximilian"]
[Result "1-0"]
[WhiteElo "2375"]
[BlackElo "2167"]
[PlyCount "95"]
[EventDate "2009.??.??"]
[SourceDate "2009.04.08"]

1. e4 a6 2. d4 b5 3. Bd3 Bb7 4. Nf3 Nf6 5. Nbd2 e6 6. O-O d5 7. Re1 c5 8. exd5
Qxd5 9. c4 bxc4 10. Nxc4 Nbd7 11. Na5 c4 12. Nxc4 Bb4 13. Bd2 Bxd2 14. Qxd2 O-O
15. Na5 Rab8 16. Nxb7 Qxb7 17. b3 Qb6 18. Rac1 Rfc8 19. Rxc8+ Rxc8 20. Rc1 Rb8
21. Rc4 Nd5 22. Qc2 g6 23. Rc6 Qd8 24. a3 a5 25. Bc4 N7b6 26. g3 Ra8 27. h4 a4
28. b4 Rc8 29. Bxd5 exd5 30. Ne5 f6 31. Ng4 Kg7 32. Ne3 Nc4 33. Rxc8 Qxc8 34.
Nxd5 Nb6 35. Qxc8 Nxc8 36. b5 Nd6 37. b6 Kf7 38. Nc3 Ke6 39. Nxa4 Kd5 40. Nc5
Kc6 41. b7 Kc7 42. a4 Nc4 43. d5 Kb8 44. Kf1 Ka7 45. Ke2 Nd6 46. Kd3 Kb8 47. a5
Ka7 48. a6 1-0

[Event "XL Mar del Plata International open"]
[Site "?"]
[Date "2009.04.06"]
[Round "3"]
[White "Coda, Carlos Alberto"]
[Black "Duarte, Leonardo"]
[Result "0-1"]
[WhiteElo "2165"]
[BlackElo "2349"]
[PlyCount "128"]
[EventDate "2009.??.??"]
[SourceDate "2009.04.08"]

1. e4 c5 2. Nf3 e6 3. d4 cxd4 4. Nxd4 Nc6 5. Be2 Qc7 6. Nc3 a6 7. O-O Nf6 8.
Be3 d6 9. f4 Be7 10. Bf3 O-O 11. Qd2 Nxd4 12. Bxd4 e5 13. Be3 exf4 14. Bxf4 Be6
15. Kh1 Nd7 16. Nd5 Bxd5 17. exd5 Bf6 18. c3 Be5 19. Bg5 f5 20. Rae1 Rae8 21.
Bh5 g6 22. Bd1 Nf6 23. Bxf6 Rxf6 24. Ba4 b5 25. Bb3 Rf7 26. a4 Rfe7 27. axb5
axb5 28. Qf2 Kg7 29. Bd1 Qc4 30. Bf3 b4 31. cxb4 Qxb4 32. Re2 Bf6 33. Rfe1 Rxe2
34. Rxe2 Rxe2 35. Qxe2 Bxb2 36. Qe7+ Kh6 37. Qe3+ f4 38. Qe4 Qd2 39. g3 Be5 40.
gxf4 Bxf4 41. Qe2 Qd4 42. Qd1 Qf2 43. Qe2 Qh4 44. Qg2 Kg7 45. Qe2 h5 46. Kg1
Be5 47. Kh1 Kh6 48. Qd2+ g5 49. Qe2 Qf4 50. Be4 g4 51. Bd3 h4 52. Kg1 Qd4+ 53.
Kh1 h3 54. Qe4 Qxe4+ 55. Bxe4 Kg5 56. Bh7 Kf4 57. Bg8 Kf3 58. Be6 Bxh2 59. Bf5
Be5 60. Be6 Kg3 61. Bc8 Kh4 62. Bd7 g3 63. Bc8 g2+ 64. Kg1 Bd4+ 0-1

[Event "XL Mar del Plata International open"]
[Site "?"]
[Date "2009.04.06"]
[Round "3"]
[White "De Dovittis, Alejo"]
[Black "Lopez Gomez, Diego"]
[Result "1-0"]
[WhiteElo "2346"]
[BlackElo "2165"]
[PlyCount "61"]
[EventDate "2009.??.??"]
[SourceDate "2009.04.08"]

1. e4 c5 2. Nf3 e6 3. c3 Nf6 4. e5 Nd5 5. Na3 d6 6. exd6 Bxd6 7. Nc4 Be7 8. d4
Nc6 9. Be2 O-O 10. O-O cxd4 11. Nxd4 Bd7 12. Nxc6 Bxc6 13. Ne5 Qc7 14. Nxc6
Qxc6 15. c4 Nb6 16. b3 Bf6 17. Rb1 Rfd8 18. Qe1 Qe4 19. Be3 Qc2 20. Bf3 Qxa2
21. Bxb7 Rab8 22. Bf3 Nd7 23. Qe2 Qa3 24. Qc2 a5 25. c5 Rbc8 26. Rfc1 Be7 27.
Ra1 Qb4 28. Ra4 Qb5 29. Be2 Qc6 30. Rxa5 Ne5 31. Ra6 1-0

[Event "XL Mar del Plata International open"]
[Site "?"]
[Date "2009.04.06"]
[Round "3"]
[White "Daneri, Martin"]
[Black "Cejas, Jose Angel"]
[Result "1/2-1/2"]
[WhiteElo "2149"]
[BlackElo "2336"]
[PlyCount "69"]
[EventDate "2009.??.??"]
[SourceDate "2009.04.08"]

1. e4 c6 2. d4 d5 3. exd5 cxd5 4. Bd3 Nc6 5. c3 Nf6 6. Bf4 g6 7. h3 Bg7 8. Nf3
O-O 9. Nbd2 Re8 10. O-O Nd7 11. Re1 e5 12. dxe5 Ndxe5 13. Nxe5 Nxe5 14. Bb5 Nc6
15. Rxe8+ Qxe8 16. Qe1 Bf5 17. Nb3 a6 18. Qxe8+ Rxe8 19. Bxc6 bxc6 20. Be3 Rb8
21. Re1 h5 22. Bf4 Rc8 23. Bd6 Bf6 24. f3 Rd8 25. Bc7 Rd7 26. Re8+ Kh7 27. Bb6
Re7 28. Rxe7 Bxe7 29. Bc5 Bd8 30. Kf2 Kg7 31. Ke3 f6 32. g4 Bd7 33. Nd4 Bc7 34.
a4 Kh6 35. Be7 1/2-1/2

[Event "XL Mar del Plata International open"]
[Site "?"]
[Date "2009.04.06"]
[Round "3"]
[White "Mussanti, Diego"]
[Black "Gimenez, Dante"]
[Result "1-0"]
[WhiteElo "2327"]
[BlackElo "2098"]
[PlyCount "53"]
[EventDate "2009.??.??"]
[SourceDate "2009.04.09"]

1. e4 e5 2. Nf3 Nc6 3. d4 exd4 4. Nxd4 Bc5 5. Be3 Qf6 6. c3 Nge7 7. Bc4 Ne5 8.
Be2 Qg6 9. O-O O-O 10. Bh5 Qxe4 11. Nd2 Qd3 12. Be2 Qg6 13. f4 Qh6 14. N2b3 Bb6
15. Qd2 N5c6 16. f5 Qd6 17. f6 Nd5 18. fxg7 Re8 19. Bh6 Nxd4 20. Nxd4 Nf6 21.
Bc4 Qc6 22. Bxf7+ Kxf7 23. Rxf6+ Qxf6 24. Rf1 Re6 25. Rxf6+ Rxf6 26. Qg5 Bxd4+
27. cxd4 1-0

[Event "XL Mar del Plata International open"]
[Site "?"]
[Date "2009.04.06"]
[Round "3"]
[White "Cristóbal, Manuel"]
[Black "Moreda, Lucas"]
[Result "0-1"]
[WhiteElo "2145"]
[BlackElo "2322"]
[PlyCount "48"]
[EventDate "2009.??.??"]

1. e4 c6 2. d4 d5 3. Nc3 dxe4 4. Nxe4 Nf6 5. Nxf6+ gxf6 6. c3 e5 7. Be3 Be6 8.
Qh5 Qb6 9. O-O-O Qa5 10. dxe5 Qxa2 11. exf6 Nd7 12. Bd3 O-O-O 13. Bf5 Ba3 14.
bxa3 Qxa3+ 15. Kc2 Qb3+ 16. Kc1 Qxc3+ 17. Kb1 Qb3+ 18. Kc1 Qa3+ 19. Kc2 Bb3+
20. Kb1 Qa2+ 21. Kc1 Qa1+ 22. Kd2 Bxd1 23. Qxd1 Qa5+ 24. Ke2 Qxf5 0-1

[Event "XL Mar del Plata International open"]
[Site "?"]
[Date "2009.04.06"]
[Round "3"]
[White "Contín, Daniel"]
[Black "Lovece, Ruth"]
[Result "1-0"]
[WhiteElo "2321"]
[BlackElo "2016"]
[PlyCount "76"]
[EventDate "2009.??.??"]

1. e4 c5 2. Nf3 d6 3. d4 cxd4 4. Nxd4 Nf6 5. f3 e5 6. Bb5+ Bd7 7. Bxd7+ Nbxd7
8. Nf5 d5 9. exd5 Nb6 10. c4 Nxc4 11. Qa4+ Qd7 12. Qxd7+ Nxd7 13. Ke2 Nd6 14.
Nxd6+ Bxd6 15. Nc3 Nb6 16. Rd1 Ke7 17. b3 Rhd8 18. Be3 Nd7 19. Ne4 b6 20. Rac1
Rac8 21. g4 Nc5 22. Ng3 g6 23. h4 Na6 24. Ne4 f6 25. Rc6 Nb4 26. Rc4 Rxc4 27.
bxc4 Rc8 28. Rc1 Na6 29. h5 Bc5 30. Bd2 Bb4 31. Be3 Bc5 32. Bh6 Bd4 33. Bg7 f5
34. gxf5 gxf5 35. Ng3 Kf7 36. Nxf5 Rg8 37. h6 Nc5 38. f4 Kg6 1-0

[Event "XL Mar del Plata International open"]
[Site "?"]
[Date "2009.04.06"]
[Round "3"]
[White "Bianchi, Albino"]
[Black "Calderon Fernandez, Gerbacio"]
[Result "0-1"]
[WhiteElo "2102"]
[BlackElo "2302"]
[PlyCount "100"]
[EventDate "2009.??.??"]
[SourceDate "2009.04.09"]

1. e4 c5 2. Nf3 d6 3. d4 cxd4 4. Nxd4 Nf6 5. Nc3 a6 6. f4 e5 7. Nf3 Nbd7 8. Bd3
Be7 9. O-O O-O 10. a4 Nc5 11. Qe2 exf4 12. Bxf4 Bg4 13. Bc4 Qb6 14. Be3 Qxb2
15. Bd4 Qb6 16. e5 Bxf3 17. Rxf3 dxe5 18. Qxe5 Ncd7 19. Qf4 Qxd4+ 20. Qxd4 Bc5
21. Qxc5 Nxc5 22. Nd5 Nxd5 23. Bxd5 Rad8 24. c4 Rd7 25. a5 Re8 26. Rb1 Ree7 27.
Rbf1 Kf8 28. Rh3 h6 29. Rg3 Re5 30. Rgf3 f6 31. Rb1 Ke7 32. h4 Kd8 33. Kf1 Kc7
34. Re1 Rde7 35. Rxe5 Rxe5 36. Rg3 Re7 37. Ra3 b6 38. axb6+ Kxb6 39. Ra1 Nd3
40. g3 a5 41. Bf3 Re3 42. Be2 Nc5 43. Kf2 Rb3 44. Bf3 a4 45. Bd1 Rb4 46. Be2
Ka5 47. Rd1 a3 48. Rd8 a2 49. Ra8+ Na6 50. c5 Rb5 0-1

[Event "XL Mar del Plata International open"]
[Site "?"]
[Date "2009.04.06"]
[Round "3"]
[White "Zamorano, Jorge"]
[Black "Di Giannantonio, Nino"]
[Result "1-0"]
[WhiteElo "2247"]
[BlackElo "1989"]
[PlyCount "37"]
[EventDate "2009.??.??"]
[SourceDate "2009.04.09"]

1. d4 d5 2. c4 c6 3. Nc3 Nf6 4. Nf3 e6 5. e3 Bd6 6. Bd3 Nbd7 7. O-O O-O 8. e4
dxe4 9. Nxe4 Nxe4 10. Bxe4 Nf6 11. Bc2 h6 12. Qe2 c5 13. Rd1 Qc7 14. b3 cxd4
15. Rxd4 e5 16. Rh4 Bg4 17. Bxh6 e4 18. Qe3 Be5 19. Bxg7 1-0

[Event "XL Mar del Plata International open"]
[Site "?"]
[Date "2009.04.06"]
[Round "3"]
[White "Alonso, Salvador"]
[Black "Iregui, Victor"]
[Result "1-0"]
[WhiteElo "2489"]
[BlackElo "2031"]
[PlyCount "47"]
[EventDate "2009.??.??"]
[SourceDate "2009.04.09"]

1. e4 c5 2. Nf3 Nc6 3. d4 cxd4 4. Nxd4 Nf6 5. Nc3 e5 6. Ndb5 d6 7. Bg5 a6 8.
Na3 Be6 9. Nc4 Rc8 10. Bxf6 gxf6 11. Ne3 Nd4 12. Bd3 Bh6 13. O-O Rg8 14. Qh5
Rg6 15. Nf5 Bf4 16. g3 Bxf5 17. exf5 Rg7 18. Kh1 Bd2 19. Ne4 d5 20. Nxd2 e4 21.
c3 exd3 22. cxd4 Rc2 23. Qf3 Kf8 24. Qxd3 1-0

[Event "XL Mar del Plata International open"]
[Site "?"]
[Date "2009.04.06"]
[Round "3"]
[White "Maucci, Luis Marcelo"]
[Black "Mavrich, Demian"]
[Result "0-1"]
[WhiteElo "1932"]
[BlackElo "2217"]
[PlyCount "78"]
[EventDate "2009.??.??"]
[SourceDate "2009.04.09"]

1. e4 c5 2. Nf3 d6 3. d4 cxd4 4. Nxd4 Nf6 5. Nc3 a6 6. a4 b6 7. Be2 Bb7 8. f3
e6 9. Be3 Be7 10. O-O Nbd7 11. Kh1 Rc8 12. Qe1 O-O 13. Qf2 Qc7 14. g4 Nc5 15.
Nb3 Qb8 16. Kg1 Rfe8 17. Nxc5 bxc5 18. g5 Nd7 19. Rad1 Qa8 20. Bc4 Nb6 21. Ba2
d5 22. exd5 exd5 23. Bc1 d4 24. Ne4 Nxa4 25. Nf6+ gxf6 26. Qh4 f5 27. Bxf7+
Kxf7 28. Qxh7+ Ke6 29. Rde1+ Kd7 30. Qxf5+ Kc7 31. Bf4+ Kb6 32. b4 Ka7 33. b5
axb5 34. Qd7 Bxg5 35. Bg3 Rxe1 36. Rxe1 Be3+ 37. Kf1 Rf8 38. Ra1 Qe8 39. Qc7
Rxf3+ 0-1

[Event "XL Mar del Plata International open"]
[Site "?"]
[Date "2009.04.06"]
[Round "3"]
[White "Ramis, Jorge Luis"]
[Black "Cervetto, Esteban"]
[Result "0-1"]
[WhiteElo "2018"]
[BlackElo "2128"]
[PlyCount "76"]
[EventDate "2009.??.??"]
[SourceDate "2009.04.09"]

1. e4 e5 2. Nf3 Nc6 3. d4 exd4 4. Bc4 Nf6 5. e5 d5 6. Bb5 Ne4 7. Nxd4 Bd7 8.
Bxc6 bxc6 9. O-O Bc5 10. f3 Ng5 11. f4 Ne4 12. Be3 Bb6 13. Nc3 Nxc3 14. bxc3
Qe7 15. Qd2 O-O 16. Rae1 f6 17. e6 c5 18. Nb3 Bxe6 19. Qf2 d4 20. cxd4 cxd4 21.
Bxd4 Qf7 22. Rd1 Rad8 23. Bc5 Rfe8 24. Rfe1 Rxd1 25. Rxd1 g6 26. h3 Bc4 27. Qd4
Qe6 28. Bxb6 axb6 29. Qd7 Qxd7 30. Rxd7 Re1+ 31. Kh2 Re2 32. Nd4 Rd2 33. a3 c5
34. Rd8+ Kf7 35. Nc6 Rxd8 36. Nxd8+ Ke7 37. Nc6+ Kd7 38. Na7 b5 0-1

[Event "XL Mar del Plata International open"]
[Site "?"]
[Date "2009.04.06"]
[Round "3"]
[White "Martin, Luis"]
[Black "Restusia, Francisco"]
[Result "0-1"]
[WhiteElo "1873"]
[BlackElo "2115"]
[PlyCount "84"]
[EventDate "2009.??.??"]
[SourceDate "2009.04.09"]

1. Nf3 Nf6 2. c4 g6 3. d4 Bg7 4. g3 O-O 5. Bg2 d6 6. Nc3 c6 7. O-O Qb6 8. h3
Qa6 9. Qb3 Nbd7 10. Re1 e5 11. e3 Re8 12. Bd2 h6 13. Bf1 Qb6 14. Qc2 e4 15. Nh2
Qd8 16. Bg2 Qe7 17. g4 Nf8 18. f4 exf3 19. Nxf3 N6h7 20. e4 Ne6 21. Be3 Nhg5
22. Qd2 Nxf3+ 23. Bxf3 Qh4 24. Kh2 c5 25. Bf2 Qf6 26. Bg2 Nxd4 27. Nd5 Qd8 28.
Rab1 Be6 29. b4 b6 30. bxc5 bxc5 31. Rb7 Bxd5 32. cxd5 Be5+ 33. Kh1 Qg5 34.
Qxg5 hxg5 35. Reb1 Ne2 36. Rd7 Rab8 37. Rbb7 Rxb7 38. Rxb7 a5 39. h4 gxh4 40.
Bxh4 Kg7 41. Bf1 Nc3 42. Rd7 Rh8 0-1

[Event "XL Mar del Plata International open"]
[Site "?"]
[Date "2009.04.06"]
[Round "3"]
[White "Diaz, Gerardo"]
[Black "Escofet, Jaime"]
[Result "0-1"]
[WhiteElo "1921"]
[BlackElo "2089"]
[PlyCount "122"]
[EventDate "2009.??.??"]
[SourceDate "2009.04.09"]

1. d4 Nf6 2. Bg5 c5 3. d5 Qb6 4. Bc1 g6 5. f3 Bg7 6. e4 d6 7. Nd2 O-O 8. Bd3 e6
9. c4 Nbd7 10. Qb3 Ne5 11. Bc2 Qc7 12. f4 Ned7 13. Ngf3 exd5 14. cxd5 Nb6 15.
O-O Bd7 16. Nc4 Rfe8 17. Nxb6 axb6 18. e5 c4 19. Qb4 Nxd5 20. Qxd6 Qxd6 21.
exd6 Nb4 22. Bb1 c3 23. Ne5 Bxe5 24. fxe5 c2 25. a3 cxb1=Q 26. Rxb1 Nd3 27. Rd1
Nxe5 28. Bf4 f6 29. Bxe5 Rxe5 30. Rbc1 Rc5 31. b4 Rxc1 32. Rxc1 Rc8 33. Rd1 Kf7
34. Kf2 Ke6 35. Ke3 Rc6 36. Rd4 Rxd6 37. Re4+ Kf7 38. Rc4 Bb5 39. Rc7+ Rd7 40.
Rc3 Ke6 41. g3 h5 42. h4 Ke5 43. Kf2 Bc6 44. Ke2 Kf5 45. Kf2 Rd2+ 46. Ke1 Ra2
47. Rc4 Rxa3 48. Rf4+ Ke5 49. Kf2 Ra2+ 50. Kf1 Rg2 51. b5 Bd5 52. Rb4 Rxg3 53.
Kf2 Rg4 54. Rb1 Rxh4 55. Kg3 Rg4+ 56. Kh2 g5 57. Rc1 Rb4 58. Kg3 h4+ 59. Kh3
Rb3+ 60. Kh2 g4 61. Rc2 Rh3+ 0-1

[Event "XL Mar del Plata International open"]
[Site "?"]
[Date "2009.04.06"]
[Round "3"]
[White "Moccero, Eduardo"]
[Black "Aguinaga, Maximiliano"]
[Result "1/2-1/2"]
[WhiteElo "2055"]
[BlackElo "2002"]
[PlyCount "129"]
[EventDate "2009.??.??"]
[SourceDate "2009.04.09"]

1. d4 Nf6 2. Nf3 d6 3. e3 g6 4. c4 Nbd7 5. Nc3 Bg7 6. Be2 O-O 7. O-O e5 8. Qc2
c6 9. Rd1 Qc7 10. dxe5 dxe5 11. e4 a5 12. b3 Re8 13. Ba3 Bf8 14. Bb2 Bc5 15.
Na4 Bf8 16. h3 Nc5 17. Nc3 Nh5 18. Nh2 Nf4 19. Bg4 h5 20. Bxc8 Raxc8 21. Ne2
Nce6 22. Nf3 Nxe2+ 23. Qxe2 Nf4 24. Qc2 Bc5 25. Kh2 f6 26. g3 Ne6 27. Rd2 Rcd8
28. Rad1 g5 29. Kg2 Kf7 30. Rd3 Rxd3 31. Rxd3 Rd8 32. Qd1 Rxd3 33. Qxd3 h4 34.
Qd1 hxg3 35. fxg3 Ke7 36. h4 gxh4 37. Nxh4 Qd7 38. Nf5+ Kd8 39. Qxd7+ Kxd7 40.
g4 Ng5 41. Ng3 Bd4 42. Bc1 Kd6 43. Nf5+ Kc5 44. Ba3+ Kb6 45. Ng3 Bc5 46. Bc1 a4
47. Bd2 a3 48. Bxg5 fxg5 49. Kf1 Bf8 50. Ke2 Kc5 51. Kd3 b5 52. cxb5 cxb5 53.
Ne2 b4 54. Ng1 Bg7 55. Nf3 Bf6 56. Nd2 Bg7 57. Nc4 Bf6 58. Ne3 Bd8 59. Nf5 Bf6
60. Nh6 Bg7 61. Nf7 Bf6 62. Ke3 Kc6 63. Kd3 Kc5 64. Ke3 Kc6 65. Kd3 1/2-1/2

[Event "XL Mar del Plata International open"]
[Site "?"]
[Date "2009.04.06"]
[Round "3"]
[White "Virgillito, Cristian"]
[Black "Gualpa, Carlos Alberto"]
[Result "1-0"]
[WhiteElo "2216"]
[BlackElo "1925"]
[PlyCount "89"]
[EventDate "2009.??.??"]
[SourceDate "2009.04.10"]

1. e4 d6 2. d4 c6 3. Nc3 g6 4. Be2 Bg7 5. a4 Qb6 6. Nf3 Bg4 7. a5 Qc7 8. Be3
Nd7 9. h3 Bxf3 10. Bxf3 e6 11. Qd2 h5 12. g4 Ngf6 13. g5 Nh7 14. Bg2 O-O 15. f4
b6 16. a6 b5 17. O-O Nb6 18. b3 Rad8 19. f5 Rfe8 20. f6 Bf8 21. d5 b4 22. Na4
c5 23. c3 Nxa4 24. Rxa4 bxc3 25. Qxc3 Rb8 26. h4 Qb6 27. Rb1 exd5 28. exd5 Re5
29. Be4 Rbe8 30. Qd3 Qd8 31. Bf4 Qd7 32. Bxe5 Rxe5 33. Rf1 Nxg5 34. hxg5 Rxg5+
35. Bg2 c4 36. Rxc4 Qb5 37. Kh2 Qxa6 38. Qh3 Qa2 39. Rc8 Re5 40. Rfc1 Qf2 41.
Rxf8+ Kh7 42. Rcc8 Kh6 43. Rxf7 Kg5 44. Rg8 Qd4 45. Re7 1-0

[Event "XL Mar del Plata International open"]
[Site "?"]
[Date "2009.04.06"]
[Round "3"]
[White "Flores, Nancy"]
[Black "Cristobal, Ruben"]
[Result "1-0"]
[WhiteElo "1913"]
[BlackElo "2237"]
[PlyCount "109"]
[EventDate "2009.??.??"]
[SourceDate "2009.04.10"]

1. Nf3 f5 2. g3 Nf6 3. c4 d6 4. Bg2 e5 5. d3 Be7 6. Nc3 c6 7. O-O O-O 8. e4 Qe8
9. c5 Na6 10. cxd6 Bxd6 11. Re1 fxe4 12. dxe4 Bc7 13. b4 Kh8 14. a3 Qh5 15. Nh4
Bg4 16. f3 Bb6+ 17. Be3 Bxe3+ 18. Rxe3 Be6 19. Qd6 Rfe8 20. Qd3 Rad8 21. Qc2
Nc7 22. a4 Rd4 23. b5 Red8 24. Nf5 Rd2 25. Qb1 Bxf5 26. exf5 Ncd5 27. Nxd5
R8xd5 28. Qb4 c5 29. Qc3 Qxf5 30. Rc1 b6 31. Bf1 Qh5 32. h3 Qg5 33. f4 exf4 34.
Rf3 R5d4 35. Re1 h5 36. Bd3 Qd5 37. Bg6 Rd1 38. Ref1 R1d3 39. Bxd3 fxg3 40.
Rxg3 Qe5 41. Bg6 h4 42. Rg2 Kg8 43. Qf3 Rd8 44. Bc2 Qd4+ 45. Kh1 Rd6 46. Rfg1
Rd7 47. Qa8+ Rd8 48. Rxg7+ Kf8 49. Qg2 Qe3 50. Rg8+ Ke7 51. Qg7+ Ke6 52. Bf5+
Kxf5 53. Rf1+ Ke4 54. Qe7+ Kd3 55. Rxd8+ 1-0

[Event "XL Mar del Plata International open"]
[Site "?"]
[Date "2009.04.06"]
[Round "3"]
[White "Aguilar, Andres"]
[Black "Ortiz, Jorge"]
[Result "1/2-1/2"]
[WhiteElo "2192"]
[BlackElo "1920"]
[PlyCount "87"]
[EventDate "2009.??.??"]
[SourceDate "2009.04.10"]

1. e4 e6 2. d4 d5 3. Nc3 dxe4 4. Nxe4 Bd7 5. Nf3 Bc6 6. Bd3 Nf6 7. Ng3 Be7 8.
O-O O-O 9. Ne5 Qd5 10. Nxc6 Nxc6 11. Be3 Qd8 12. c4 Nb8 13. Qc2 c6 14. Rad1
Nbd7 15. b3 Rc8 16. Bc1 Re8 17. Bb2 Nf8 18. f4 Bd6 19. Rf3 h5 20. Ne4 Nxe4 21.
Bxe4 Be7 22. f5 exf5 23. Rxf5 g6 24. Rf3 Bf6 25. Kh1 Bg7 26. Rff1 Qh4 27. Bf3
Rc7 28. d5 cxd5 29. Bxd5 Qg4 30. Bxg7 Kxg7 31. Qf2 Ne6 32. Qxa7 h4 33. Qe3 Rce7
34. Qf3 Qxf3 35. Bxf3 Ng5 36. Rd2 Nxf3 37. gxf3 h3 38. Rdf2 Re2 39. Kg1 R2e5
40. f4 Re2 41. Rxe2 Rxe2 42. Rf3 Rg2+ 43. Kh1 Rxa2 44. Rxh3 1/2-1/2